|
|
|
|
| LEADER |
00000cam a2200000 a 4500 |
| 001 |
vtls010428001 |
| 003 |
SK-MaSNL |
| 005 |
20260331210054.0 |
| 008 |
150827s2011 xo oa g 000 0 slo |
| 015 |
|
|
|a SNBA2012/10-05147
|
| 020 |
|
|
|a 9788097098131 (viaz.)
|
| 035 |
|
|
|a FB646369-E975-4D8A-AD09-3DA9A1F7A166
|
| 035 |
|
|
|a urn:nbn:sk:snk-amjkv3
|
| 035 |
|
|
|a urn:nbn:sk:snk-am002chi
|
| 040 |
|
|
|a SNK
|b slo
|c SNK
|e AACR2
|
| 041 |
0 |
|
|a slo
|
| 044 |
|
|
|a xo
|c SK
|
| 072 |
|
7 |
|a 591
|x Všeobecná zoológia
|2 konspekt
|
| 080 |
|
|
|a 598.2
|2 2001
|
| 080 |
|
|
|a 591.582:598.2
|2 2001
|
| 080 |
|
|
|a 57.081.1
|2 2001
|
| 080 |
|
|
|a (0.062)
|2 2001
|
| 080 |
|
|
|a 591.582
|2 2001
|
| 100 |
1 |
|
|a Saniga, Miroslav,
|d 1964-
|4 pht
|9 103655
|
| 245 |
1 |
0 |
|a Symfónia prírody
|c [text, foto a ilustrácie] Miroslav Saniga
|
| 260 |
|
|
|a [Liptovské Revúce]
|b Euroart
|c c2011
|
| 300 |
|
|
|a 190 s.
|b fareb. fotogr., ilustr.
|c 21 cm
|
| 500 |
|
|
|a Miesto vydania uvedené podľa ISBN
|
| 650 |
0 |
7 |
|a vtáky
|2 SNKPH
|9 2762
|
| 650 |
0 |
7 |
|a Birds
|2 SNKPHeng
|9 265512
|
| 650 |
0 |
7 |
|a Birdsongs
|2 SNKPHeng
|9 364697
|
| 650 |
0 |
7 |
|a Nature observations
|2 SNKPHeng
|9 334472
|
| 650 |
0 |
7 |
|a vtáčí spev
|2 SNKPH
|9 109824
|
| 650 |
0 |
7 |
|a pozorovanie prírody
|2 SNKPH
|9 3812
|
| 650 |
0 |
7 |
|a hlasová komunikácia živočíchov
|2 SNKPH
|9 237907
|
| 650 |
0 |
7 |
|a Acoustic communication of animals
|2 SNKPHeng
|9 313657
|
| 655 |
|
7 |
|a populárno-náučné publikácie
|2 SNKPH
|9 70460
|
| 655 |
|
7 |
|a Popular works
|2 SNKPHeng
|9 90287
|
| 852 |
|
|
|a Štátna vedecká knižnica v Banskej Bystrici
|
| 919 |
|
|
|a 978-80-970981-3-1
|
| 968 |
|
|
|d 56/59
|
| 999 |
|
|
|c 751653
|d 753583
|
| 952 |
|
|
|a SNK
|b SNK
|y PREZ
|7 0
|p 17A1017202
|o snkSC 150012
|i snk2012/11892
|8 0
|0 0
|1 0
|4 0
|d 2012-06-18
|l 0
|r 2025-07-18 00:00:00
|w 2026-02-23
|
| 952 |
|
|
|a SNK
|b SNK
|y VYP
|7 0
|p 17A1017201
|o snkSC 150012 D1
|i snk2012/11893
|8 0
|0 0
|1 0
|4 0
|d 2012-06-18
|f 1
|l 0
|r 2026-02-23 23:35:15
|w 2026-02-23
|